Normal view
MARC view
- RICARDO,PUTTINI THOMAS ERL
Entry Personal Name
001 - CONTROL NUMBER
- control field: 89748
003 - CONTROL NUMBER IDENTIFIER
- control field: NUST
005 - DATE AND TIME OF LATEST TRANSACTION
- control field: 20220228103955.0
008 - FIXED-LENGTH DATA ELEMENTS
- fixed length control field: 220228|| aca||aabn | a|a d
040 ## - CATALOGING SOURCE
- Original cataloging agency: NUST
- Transcribing agency: NUST
100 ## - HEADING--PERSONAL NAME
- Personal name: RICARDO,PUTTINI THOMAS ERL
670 ## - SOURCE DATA FOUND
- Source citation: Work cat.: (NUST): RICARDO,PUTTINI THOMAS ERL., CLOUD COMPUTING /, 2013.
